Statistiken für Fünf größte Städte jeden Bundeslands

Klicken Sie hier um das Quiz zu spielen!

Allgemein

  • Dieses Quiz wurde 297 mal gespielt
  • Das Durchschnittsergebnis liegt bei 52 aus 69

Antwortstatistiken

BundeslandNr.EinwohnerStadt% Korrekt
Bayern11.471.508München
98%
Bremen1567.559Bremen
97%
Hessen1763.380Frankfurt am Main
97%
Nordrhein-Westfalen11.087.863Köln
97%
Baden-Württemberg1635.911Stuttgart
97%
Berlin-3.669.491Berlin
96%
Sachsen2556.780Dresden
96%
Nordrhein-Westfalen2621.877Düsseldorf
96%
Hamburg-1.899.160Hamburg
96%
Bayern2518.365Nürnberg
96%
Nordrhein-Westfalen3588.250Dortmund
95%
Niedersachsen1536.925Hannover
95%
Schleswig-Holstein1246.794Kiel
95%
Sachsen1593.145Leipzig
95%
Saarland1180.374Saarbrücken
95%
Brandenburg1180.334Potsdam
94%
Thüringen1213.981Erfurt
93%
Rheinland-Pfalz1218.578Mainz
93%
Mecklenburg-Vorpommern1209.191Rostock
93%
Bremen2113.643Bremerhaven
92%
Nordrhein-Westfalen4582.760Essen
92%
Bayern3295.135Augsburg
90%
Sachsen-Anhalt2237.565Magdeburg
90%
Hessen2278.474Wiesbaden
89%
Sachsen3246.334Chemnitz
88%
Thüringen2111.343Jena
88%
Baden-Württemberg2312.060Karlsruhe
88%
Baden-Württemberg3310.658Mannheim
88%
Mecklenburg-Vorpommern295.653Schwerin
88%
Baden-Württemberg4231.195Freiburg im Breisgau
86%
Sachsen-Anhalt1238.762Halle (Saale)
85%
Bayern4152.610Regensburg
85%
Schleswig-Holstein390.164Flensburg
84%
Bayern5136.981Ingolstadt
83%
Niedersachsen2249.406Braunschweig
82%
Nordrhein-Westfalen5498.686Duisburg
82%
Hessen3202.137Kassel
82%
Schleswig-Holstein2216.530Lübeck
82%
Niedersachsen5124.371Wolfsburg
79%
Thüringen393.125Gera
76%
Niedersachsen4165.251Osnabrück
76%
Rheinland-Pfalz3114.052Koblenz
75%
Rheinland-Pfalz4111.528Trier
75%
Brandenburg299.678Cottbus
74%
Niedersachsen3169.077Oldenburg
74%
Hessen4159.878Darmstadt
73%
Brandenburg372.184Brandenburg an der Havel
72%
Rheinland-Pfalz5100.030Kaiserslautern
72%
Rheinland-Pfalz2172.253Ludwigshafen am Rhein
72%
Baden-Württemberg5161.485Heidelberg
70%
Sachsen488.690Zwickau
67%
Hessen5130.280Offenbach am Main
65%
Thüringen465.228Weimar
62%
Mecklenburg-Vorpommern363.761Neubrandenburg
58%
Sachsen-Anhalt380.103Dessau-Roßlau
57%
Mecklenburg-Vorpommern559.232Greifswald
57%
Saarland341.875Homburg
57%
Mecklenburg-Vorpommern459.418Stralsund
57%
Saarland246.179Neunkirchen
51%
Schleswig-Holstein480.196Neumünster
47%
Brandenburg457.751Frankfurt (Oder)
45%
Thüringen545.419Gotha
44%
Sachsen564.597Plauen
39%
Sachsen-Anhalt445.752Wittenberg
37%
Saarland439.517Völklingen
31%
Brandenburg544.862Oranienburg
29%
Schleswig-Holstein579.357Norderstedt
28%
Saarland535.427St. Ingbert
26%
Sachsen-Anhalt540.329Halberstadt
20%

Verteilung der Resultate

Perzentil nach korrekt beantworteten Fragen

Anzahl Personen mit jedem Resultat

Ihre Resultats-Entwicklung

Sie haben dieses Quiz noch nicht gespielt